000 01616cam a2200373 i 4500
001 15135193
003 EG-ScBUE
005 20241027115251.0
008 080110s2008 enka f 001 0 eng d
020 _a9780521614108 (pbk.)
020 _a0521614104 (pbk.)
035 _a(OCoLC)ocn190843470
035 _a(OCoLC)190843470
040 _aDLC
_beng
_erda
_cDLC
_dYDXCP
_dBAKER
_dBTCTA
_dC#P
_dOCLCQ
_dBWX
_dDLC
_dEG-ScBUE
082 0 4 _a518.1
_222
_bEDM
100 1 _aEdmonds, Jeff,
_d1963-
_eauthor.
_911263
245 1 0 _aHow to think about algorithms /
_cJeff Edmonds, York University.
264 1 _aCambridge ;
_aNew York :
_bCambridge University Press,
_c2008.
300 _axiii, 448 pages :
_billustrations ;
_c25 cm
336 _2rdacontent
_atext
_btxt
337 _aunmediated
_2rdamedia
_bn
338 _avolume
_bnc
_2rdacarrier
500 _aIncludes index.
650 7 _aAlgorithms
_xStudy and teaching.
_2BUEsh
_911264
650 7 _aLoops (Group theory)
_xStudy and teaching.
_2BUEsh
_911265
650 7 _aInvariants
_xStudy and teaching.
_2BUEsh
_911266
650 7 _aRecursion theory
_xStudy and teaching.
_2BUEsh
_911267
655 _vReading book
856 4 2 _3Contributor biographical information
_uhttp://www.loc.gov/catdir/enhancements/fy0808/2008001238-b.html
856 4 2 _3Publisher description
_uhttp://www.loc.gov/catdir/enhancements/fy0808/2008001238-d.html
856 4 1 _3Table of contents only
_uhttp://www.loc.gov/catdir/enhancements/fy0808/2008001238-t.html
942 _2ddc
_cBB
999 _c13359
_d13359